000 00458nam a2200145Ia 4500
008 230917s9999||||xx |||||||||||||| ||und||
040 _e54864
_aMAIN
041 _aEnglish
082 _a823.09 C344C
100 _aChadha, Ramesh
245 0 _aCross- Cultural interaction in Indian English fiction: an analysis of the novels of Ruth Jhabvala and Kamala Markandaya
260 _aNew Delhi
_bNational Book Organisation
_c1988
300 _a166 p.
942 _cBK
999 _c61949
_d61949